Religious cultures in early modern India : (Record no. 55904)

MARC details
000 -LEADER
fixed length control field 00954nam a22002537a 4500
005 - DATE AND TIME OF LATEST TRANSACTION
control field 2011082407437.0
008 - FIXED-LENGTH DATA ELEMENTS--GENERAL INFORMATION
fixed length control field 110824t xxu||||| |||| 00| 0 eng d
010 ## - LCCN (DPL NO)
LC control number ENG-103581
020 ## - INTERNATIONAL STANDARD BOOK NUMBER
International Standard Book Number 9788189643188
Terms of availability 795.00
035 ## - SYSTEM CONTROL NUMBER
System control number EN-87114
037 ## - SOURCE OF ACQUISITION
Source of stock number/acquisition DBAD/PUB
040 ## - CATALOGING SOURCE
Original cataloging agency DPL
Language of cataloging Eng
100 ## - MAIN ENTRY--PERSONAL NAME
9 (RLIN) 33535
245 ## - TITLE STATEMENT
Title Religious cultures in early modern India :
Remainder of title new perspectives /
Statement of responsibility, etc edited by Rosalind O'Hanlon [and] David Washbrook
260 ## - PUBLICATION, DISTRIBUTION, ETC. (IMPRINT)
Place of publication, distribution, etc New Delhi
Name of publisher, distributor, etc Routledge
Date of publication, distribution, etc 2011
270 ## - ADDRESS
Address 912-915, Tolstoy House, 15-17 Tolstoy Marg, Connaught Place
City New Delhi
Postal code 110001
300 ## - PHYSICAL DESCRIPTION
Extent vi,303p.
Dimensions 22cm (Hb)
490 ## - SERIES STATEMENT
Series statement South Asian history & culture 7
-- 33546
500 ## - GENERAL NOTE
General note Includes bibliographical references and index
700 ## - ADDED ENTRY--PERSONAL NAME
Personal name O'Hanlon, Rosalind
9 (RLIN) 33544
700 ## - ADDED ENTRY--PERSONAL NAME
Personal name Washbrook, David
9 (RLIN) 33545
942 ## - ADDED ENTRY ELEMENTS (KOHA)
Source of classification or shelving scheme Dewey Decimal Classification
Item type English Books
Call number suffix REL
Holdings
Withdrawn status Lost status Source of classification or shelving scheme Damaged status Not for loan Collection code Home library Current library Date acquired Source of acquisition Cost, normal purchase price Total Checkouts Full call number Barcode Date last seen Copy number Cost, replacement price Koha item type
    Dewey Decimal Classification   Not For Loan Non-fiction D.B.Act.Division D.B.Act.Division 24/08/2011 DBAD/PUB 795.00   REL EN-87114 24/08/2011 1 795.00 English Books

© Delhi Public Library
Hit Counter
free hit counter